Stati per numero di morti - Europa - Statistics

Statistiche generali
  • Questo quiz è stato fatto 7 volte
  • Il punteggio medio è 9 su 10
Statistiche sulle risposte
Numero di nascite Nazione % Corretto
639 714 Francia
100%
1 039 440 Germania
100%
680 373 Italia
100%
502 514 Polonia
100%
314 232 Romania
100%
454 123 Spagna
100%
731 364 Ucraina
86%
138 202 Bulgaria
71%
138 202 Serbia
71%
153 894 Bielorussia
57%
Nessun quiz corrispondente trovato
Distribuzione punteggi
Percentuale di utenti per punteggio
Percentile per numero di risposta
I tuoi punteggi nel tempo
Non hai fatto questo quiz